Pays les plus peuplés en 1939 - Statistiques

Statistiques générales
  • Ce quiz a été pris 77 fois
  • Le résultat moyen est 12 sur 15
Statistiques - réponses
Population Pays % Correct
111,5 millions Empire français
99%
267 millions République de Chine
99%
170 millions Union soviétique
97%
26,8 millions Empire espagnol
94%
57,5 millions Empire italien
92%
304 millions Empire japonais
92%
86,7 millions Reich allemand
90%
567 millions Empire britannique
89%
40 millions Brésil
87%
138,5 millions Etats-Unis
80%
19,3 millions Mexique
73%
78 millions Empire néerlandais
63%
34,8 millions Pologne
63%
22,5 millions Empire belge
55%
20 millions Roumanie
38%
Aucun quiz correspondant
Distribution des résultats
% des personnes avec chaque résultat
Percentile par nombre de réponses
Votre historique - résultats
Vous n’avez pas pris ce quiz